000 02565nam a2200361 a 4500
001 BRCA_2553
005 20190320203848.0
008 261108c-----------#---###---#000-0dspa-u
041 _aspa
044 _asp
084 _a157
_b.G38
_c1864
100 1 _aCervantes Saavedra, Miguel de
_d1547-1616
_9213
245 1 0 _aEl Ingenioso Hidalgo Don Quijote de la Mancha
_ccompuesto por Miguel de Cervantes Saavedra.
260 _aMadrid
_bGaspar y Roig
_c1864
300 _a540 p.
_bil.
_c27 cm.
440 0 _aBiblioteca ilustrada de Gaspar y Roig
_97304
500 _aContenido : Primera parte. Retrato de Cervantes. Advertencia de los editores. Dedicatoria del autor. Prólogo del autor. Versos preliminares. Texto. Segunda parte. Documentos de la edición príncipe. Dedicatoria del autor. Prólogo del autor. Vida de Cervantes por J. M. Quintana. Texto. El Buscapié con un prólogo y notas de A. de Castro
500 _aEdición : Novísima edición con notas históricas, críticas y gramaticales de la Academia Española, Pellicer, Arrieta, Clemencín, Cuesta, Janer, etc. Aumentado con el Buscapié anotado por Adolfo de Castro. Adornado con 300 grabados intercalados, láminas sueltas y el retrato del autor grabado en acero
500 _aEdición popular con notas de los más conocidos anotadores y comentadores españoles tradicionales. Explican mayormente minucias históricas y literarias, así como supuestos errores gramaticales, enfocando el texto desde el punto de vista de la letra y no del espíritu. Contiene el buscapié, aparente clave de la obra, preseuntamente escrito por Cervantes, pero en realidad, por su anotador Adolfo de Castro. Está profusamente ilustrada con dibujos, copias de los de Johannot, hechos por Urrabieta, Vallejo, Gaspar, Martí y otros. Semipiel; lomeras decoradas con adornos dorados Lúdovik Osterc
500 _aQM142
650 1 4 _aNovela española
_yÉpoca clásica, 1500-1700
_9215
650 1 4 _aLiteratura española
_yÉpoca clásica, 1500-1700
_9216
650 1 4 _aNovela española
_ySiglo XVII
_9217
650 1 4 _aDon Quijote (Personaje ficticio)
_eNovela
_9218
700 1 _aQuintana, José Manuel
_d1772-1857
_eBiógrafo
_97305
700 1 _aCastro y Rossi, Adolfo de
_d1823-1898
_eAnotador
_97306
700 1 _aPellicer y Pillares, Juan Antonio
_d1738-1806
_eBiógrafo
_97307
700 1 _aGarcía Arrieta, Agustín
_d1775-1834
_eAnotador
_97308
700 1 _aClemencín y Viñas, Diego
_d1785-1834
_eAnotador
_97309
740 0 _aEl Ingenioso Hidalgo Don Quijote de la Mancha
902 _aQFM
942 _2lcc
_cB
999 _c2293
_d2293